[Event "2. Bundesliga West 2011/12"]
[Site "Salzburg"]
[Date "2012.03.09"]
[Round "9"]
[Board "6"]
[White "Stoeckl, Norbert"]
[Black "Streiter, Gerhard"]
[Result "1-0"]
[WhiteElo "2057"]
[BlackElo "2021"]
[PlyCount "90"]
[EventDate "2011.10.07"]
[EventType "team"]
[EventRounds "11"]
[EventCountry "AUT"]
[WhiteTeam "Schwarzach"]
[BlackTeam "Schwaz"]

1. c4 c6 2. Nf3 d5 3. g3 Nf6 4. Bg2 Bg4 5. Qb3 Qb6 6. Nc3 Qxb3 7. axb3 e6 8. d3
Nbd7 9. Be3 a6 10. O-O Bd6 11. h3 Bh5 12. g4 Bg6 13. Nh4 h5 14. g5 Ng8 15. Nxg6
fxg6 16. Bd2 Ne7 17. e4 d4 18. Ne2 e5 19. b4 O-O 20. h4 Rad8 21. Bh3 Rf3 22.
Be6+ Kh7 23. Nc1 c5 24. Kg2 Rff8 25. b5 Nb8 26. Ba5 Rde8 27. Nb3 Nc8 28. Bxc8
Rxc8 29. bxa6 Nxa6 30. Bd2 Bc7 31. Ra4 Bb6 32. Na5 Bxa5 33. Rxa5 Rc7 34. f4
Rcf7 35. Kg3 exf4+ 36. Rxf4 Rxf4 37. Bxf4 Nb4 38. Ra3 Rc8 39. Rb3 Rc6 40. Bd2
b6 41. Bxb4 cxb4 42. Kf4 Re6 43. Rxb4 Kg8 44. e5 Kf7 45. Ke4 Ke8 1-0

[Event "2. Bundesliga West 2011/12"]
[Site "Salzburg"]
[Date "2012.03.09"]
[Round "9"]
[Board "1"]
[White "Luther, Thomas"]
[Black "Medvegy, Zoltan"]
[Result "1/2-1/2"]
[WhiteElo "2524"]
[BlackElo "2531"]
[PlyCount "61"]
[EventDate "2011.10.07"]
[EventType "team"]
[EventRounds "11"]
[EventCountry "AUT"]
[WhiteTeam "SC Absam"]
[BlackTeam "ATSV Ranshofen"]

1. e4 c6 2. d4 d5 3. Nd2 dxe4 4. Nxe4 Bf5 5. Ng3 Bg6 6. Nf3 Nd7 7. Bd3 e6 8.
O-O Ngf6 9. Re1 Be7 10. c3 Bxd3 11. Qxd3 O-O 12. Ne4 Nxe4 13. Qxe4 Nf6 14. Qe2
Qc7 15. Be3 c5 16. dxc5 Bxc5 17. Qc4 Rfc8 18. Qxc5 Qxc5 19. Bxc5 Rxc5 20. Rad1
b5 21. Ne5 Rac8 22. Nd7 Nxd7 23. Rxd7 a5 24. g3 g5 25. Re4 Rc4 26. Re5 R8c5 27.
Rxc5 Rxc5 28. Kf1 Kg7 29. Ke2 Re5+ 30. Kf1 Rc5 31. a3 1/2-1/2

[Event "2. Bundesliga West 2011/12"]
[Site "Salzburg"]
[Date "2012.03.09"]
[Round "9"]
[Board "2"]
[White "Dovzik, Juri"]
[Black "Rotstein, Arkadij"]
[Result "1/2-1/2"]
[WhiteElo "2341"]
[BlackElo "2502"]
[PlyCount "67"]
[EventDate "2011.10.07"]
[EventType "team"]
[EventRounds "11"]
[EventCountry "AUT"]
[WhiteTeam "ATSV Ranshofen"]
[BlackTeam "SC Absam"]

1. e4 c5 2. Nf3 e6 3. c3 Nf6 4. e5 Nd5 5. Bc4 d6 6. d4 cxd4 7. cxd4 Nc6 8. O-O
Be7 9. a3 O-O 10. Qe2 Bd7 11. Bd2 Rc8 12. Nc3 Nxc3 13. Bxc3 dxe5 14. dxe5 Qb6
15. Rad1 Rfd8 16. Qe4 Be8 17. Bd3 g6 18. Qf4 Rd5 19. Bc2 Rxd1 20. Rxd1 Na5 21.
Ng5 Nc4 22. Ne4 Nxb2 23. Rb1 Rxc3 24. Nxc3 Qc7 25. Qg3 Nc4 26. Be4 b6 27. Bd3
Nxe5 28. Nb5 Qc5 29. Nxa7 Ba4 30. Bf1 Nd7 31. Nb5 Nf6 32. Qf4 Bxb5 33. Rxb5
Qxa3 34. Rxb6 1/2-1/2

[Event "2. Bundesliga West 2011/12"]
[Site "Salzburg"]
[Date "2012.03.09"]
[Round "9"]
[Board "3"]
[White "Dizdar, Goran"]
[Black "Ager, Josef"]
[Result "1-0"]
[WhiteElo "2495"]
[BlackElo "2195"]
[PlyCount "64"]
[EventDate "2011.10.07"]
[EventType "team"]
[EventRounds "11"]
[EventCountry "AUT"]
[WhiteTeam "SC Absam"]
[BlackTeam "ATSV Ranshofen"]

1. d4 Nf6 2. Nf3 g6 3. c4 Bg7 4. g3 d6 5. Bg2 O-O 6. Nc3 Nc6 7. O-O a6 8. d5
Na5 9. b3 c5 10. Bb2 Rb8 11. Nd2 b5 12. Rb1 e5 13. dxe6 Bxe6 14. cxb5 axb5 15.
Nde4 b4 16. Nxf6+ Bxf6 17. Ne4 Bxb2 18. Rxb2 Rb6 19. Rd2 Nb7 20. f4 h6 21. Qa1
f5 22. Nf2 Na5 23. Rfd1 Qe7 24. e4 Bc8 25. exf5 gxf5 26. Re1 Qg7 27. Qd1 Qf6
28. Qh5 Nc6 29. Bxc6 Rxc6 30. Ng4 fxg4 31. Qd5+ Qf7 32. Qxc6 Rd8 1-0

[Event "2. Bundesliga West 2011/12"]
[Site "Salzburg"]
[Date "2012.03.09"]
[Round "9"]
[Board "4"]
[White "Riediger, Martin"]
[Black "Pilz, Dieter"]
[Result "1/2-1/2"]
[WhiteElo "2232"]
[BlackElo "2330"]
[PlyCount "127"]
[EventDate "2011.10.07"]
[EventType "team"]
[EventRounds "11"]
[EventCountry "AUT"]
[WhiteTeam "ATSV Ranshofen"]
[BlackTeam "SC Absam"]

1. c4 Nf6 2. g3 g6 3. Bg2 Bg7 4. Nc3 O-O 5. e4 d6 6. Nge2 c5 7. O-O Nc6 8. d3
a6 9. h3 Rb8 10. a4 Bd7 11. Be3 e5 12. f4 exf4 13. Bxf4 Ne8 14. Qd2 Nd4 15.
Nxd4 Bxd4+ 16. Kh2 Bc6 17. Bg5 Qc7 18. Ne2 Be5 19. b4 b5 20. cxb5 axb5 21. d4
cxd4 22. Nxd4 Qb6 23. Nxc6 Qxc6 24. Rac1 Qb7 25. a5 Ng7 26. Bf6 Ne6 27. Bxe5
dxe5 28. Qd5 Qe7 29. Qxe5 Qxb4 30. a6 Ra8 31. Rc6 Rae8 32. Rb6 Nc5 33. Qd6 Qc4
34. Rc6 Nxe4 35. Rxc4 Nxd6 36. Rc2 Nf5 37. Rxf5 gxf5 38. a7 Ra8 39. Bxa8 Rxa8
40. Rc5 b4 41. Rc7 Kg7 42. Rb7 b3 43. Kg2 b2 44. Kf3 Rxa7 45. Rxb2 Kg6 46. Rb6+
f6 47. g4 Ra3+ 48. Kf4 Ra4+ 49. Kg3 Ra5 50. Rc6 fxg4 51. hxg4 Kg5 52. Rc3 h5
53. gxh5 Kxh5 54. Kf4 Kg6 55. Rg3+ Kf7 56. Rg1 Re5 57. Ra1 Rg5 58. Rb1 Kg6 59.
Ra1 Rg2 60. Ra8 Rf2+ 61. Kg4 f5+ 62. Kg3 Rf1 63. Rg8+ Kf7 64. Ra8 1/2-1/2

[Event "2. Bundesliga West 2011/12"]
[Site "Salzburg"]
[Date "2012.03.09"]
[Round "9"]
[Board "5"]
[White "De Francesco, Klaus"]
[Black "Knechtel, Roland"]
[Result "1/2-1/2"]
[WhiteElo "2307"]
[BlackElo "2222"]
[PlyCount "66"]
[EventDate "2011.10.07"]
[EventType "team"]
[EventRounds "11"]
[EventCountry "AUT"]
[WhiteTeam "SC Absam"]
[BlackTeam "ATSV Ranshofen"]

1. d4 d5 2. c4 e6 3. Nc3 Be7 4. cxd5 exd5 5. Bf4 Nf6 6. e3 c6 7. Bd3 Bg4 8. f3
Bh5 9. Nge2 Bg6 10. g4 Bd6 11. h4 Bxd3 12. Qxd3 Na6 13. O-O-O Qe7 14. Kb1 O-O-O
15. g5 Nh5 16. Bxd6 Rxd6 17. e4 dxe4 18. fxe4 f6 19. gxf6 Rxf6 20. e5 Rff8 21.
Qe4 Qe6 22. d5 cxd5 23. Nxd5 Re8 24. Nec3 Qxe5 25. Qg4+ Kb8 26. Rhe1 Nf6 27.
Rxe5 Nxg4 28. Rg5 Nh6 29. Rxg7 Nf5 30. Rg4 Nc5 31. Rf4 Re5 32. Rdf1 Nd6 33.
Rf8+ Re8 1/2-1/2

[Event "2. Bundesliga West 2011/12"]
[Site "Salzburg"]
[Date "2012.03.09"]
[Round "9"]
[Board "6"]
[White "Fruehauf, Norbert"]
[Black "Gerhold, Michael"]
[Result "1/2-1/2"]
[WhiteElo "2049"]
[BlackElo "2251"]
[PlyCount "72"]
[EventDate "2011.10.07"]
[EventType "team"]
[EventRounds "11"]
[EventCountry "AUT"]
[WhiteTeam "ATSV Ranshofen"]
[BlackTeam "SC Absam"]

1. e4 c5 2. Nc3 Nc6 3. f4 g6 4. Nf3 Bg7 5. Bb5 Nd4 6. O-O Nxb5 7. Nxb5 d5 8.
exd5 a6 9. Nc3 Nf6 10. d4 Nxd5 11. dxc5 Nxc3 12. Qxd8+ Kxd8 13. bxc3 Kc7 14.
Nd4 Rd8 15. Be3 Bd7 16. Rab1 Bc6 17. Nxc6 bxc6 18. Rb3 e6 19. c4 Bd4 20. Kf2
Ra7 21. Rfb1 h5 22. Rd3 Bf6 23. Kf3 Rb7 24. Rb6 Ra7 25. Rd6 Rxd6 26. cxd6+ Kxd6
27. Rxc6+ Kxc6 28. Bxa7 Bc3 29. h3 f5 30. Ke2 Bb4 31. Be3 Bd6 32. Kd3 Bc7 33.
Kc3 Bd6 34. Kb3 Bc7 35. Kb4 Bd8 36. Kb3 Bc7 1/2-1/2

[Event "2. Bundesliga West 2011/12"]
[Site "Salzburg"]
[Date "2012.03.09"]
[Round "9"]
[Board "1"]
[White "Levushkina,  Elena"]
[Black "Atlas, Dmitry"]
[Result "1-0"]
[WhiteElo "2310"]
[BlackElo "2291"]
[PlyCount "49"]
[EventDate "2011.10.07"]
[EventType "team"]
[EventRounds "11"]
[EventCountry "AUT"]
[WhiteTeam "Kufstein / Woergl 2"]
[BlackTeam "Hohenems 2"]

1. e4 e6 2. d4 d5 3. Nd2 Nf6 4. e5 Nfd7 5. Bd3 c5 6. c3 Nc6 7. Ndf3 cxd4 8.
cxd4 Bb4+ 9. Bd2 Qa5 10. Ne2 Bxd2+ 11. Qxd2 Qxd2+ 12. Nxd2 f6 13. f4 g5 14.
exf6 gxf4 15. O-O O-O 16. Rxf4 Rxf6 17. Rg4+ Kh8 18. Rh4 Nf8 19. Nf3 h6 20. Rc1
Bd7 21. Ne5 Nxe5 22. dxe5 Rf7 23. Rxh6+ Kg7 24. Rh4 Bc6 25. Nf4 1-0

[Event "2. Bundesliga West 2011/12"]
[Site "Salzburg"]
[Date "2012.03.09"]
[Round "9"]
[Board "2"]
[White "Gaertner, Guntram"]
[Black "Rusche, Johannes"]
[Result "1/2-1/2"]
[WhiteElo "2324"]
[BlackElo "2233"]
[PlyCount "57"]
[EventDate "2011.10.07"]
[EventType "team"]
[EventRounds "11"]
[EventCountry "AUT"]
[WhiteTeam "Hohenems 2"]
[BlackTeam "Kufstein / Woergl 2"]

1. Nf3 Nf6 2. b3 e6 3. Bb2 Be7 4. e3 O-O 5. Be2 c5 6. O-O Nc6 7. c4 d5 8. cxd5
Nxd5 9. Nc3 Nxc3 10. Bxc3 b6 11. Qc2 Bf6 12. Bxf6 Qxf6 13. d4 Nb4 14. Qe4 Ba6
15. Bxa6 Nxa6 16. Qb7 Nb4 17. dxc5 bxc5 18. Qe4 a5 19. Ne5 Rfd8 20. Nd7 Qe7 21.
Nb6 Ra6 22. Na4 Rad6 23. a3 Nd3 24. Qc4 Qc7 25. Qc2 Rd5 26. Nc3 R5d7 27. Na4
Rd5 28. Nc3 R5d7 29. Na4 1/2-1/2

[Event "2. Bundesliga West 2011/12"]
[Site "Salzburg"]
[Date "2012.03.09"]
[Round "9"]
[Board "3"]
[White "Blaskowski, Johannes"]
[Black "Sandholzer, Robert"]
[Result "1/2-1/2"]
[WhiteElo "2303"]
[BlackElo "2158"]
[PlyCount "67"]
[EventDate "2011.10.07"]
[EventType "team"]
[EventRounds "11"]
[EventCountry "AUT"]
[WhiteTeam "Kufstein / Woergl 2"]
[BlackTeam "Hohenems 2"]

1. e4 e6 2. d4 d5 3. Nd2 Be7 4. Ngf3 Nf6 5. e5 Nfd7 6. Bd3 c5 7. c3 b6 8. O-O
Ba6 9. Ne1 O-O 10. Qg4 Bxd3 11. Nxd3 Nc6 12. Nf3 Kh8 13. h4 Rc8 14. Ng5 b5 15.
Be3 b4 16. f4 Qa5 17. Nxf7+ Rxf7 18. Qxe6 Rff8 19. Qxd7 bxc3 20. Qxd5 Rfd8 21.
Qe4 cxb2 22. Nxb2 Nxd4 23. Bf2 Qd2 24. Nc4 Qxf4 25. Qxf4 Ne2+ 26. Kh2 Nxf4 27.
Be3 Ne6 28. g3 Kg8 29. Rab1 Rb8 30. Rfc1 h6 31. Kg2 Nd4 32. Rd1 Rxb1 33. Rxb1
Rd7 34. Rd1 1/2-1/2

[Event "2. Bundesliga West 2011/12"]
[Site "Salzburg"]
[Date "2012.03.09"]
[Round "9"]
[Board "4"]
[White "Jedlicka, Robert"]
[Black "Pitschka, Claus"]
[Result "0-1"]
[WhiteElo "1977"]
[BlackElo "2235"]
[PlyCount "104"]
[EventDate "2011.10.07"]
[EventType "team"]
[EventRounds "11"]
[EventCountry "AUT"]
[WhiteTeam "Hohenems 2"]
[BlackTeam "Kufstein / Woergl 2"]

1. d4 d5 2. c4 c6 3. Nf3 Nf6 4. Nc3 a6 5. cxd5 cxd5 6. Bf4 Nc6 7. e3 Bg4 8. Be2
e6 9. Ne5 Bxe2 10. Qxe2 Rc8 11. O-O Be7 12. Rac1 O-O 13. h3 Nxe5 14. Bxe5 Nd7
15. Bf4 Qa5 16. e4 dxe4 17. Qxe4 Qb4 18. d5 Qxe4 19. Nxe4 exd5 20. Nd6 Bxd6 21.
Bxd6 Rfe8 22. Rxc8 Rxc8 23. Rd1 Nf6 24. Be7 Rc2 25. Bxf6 gxf6 26. Rxd5 Rxb2 27.
a4 Kg7 28. g4 Rb4 29. Rd7 f5 30. gxf5 Kf6 31. Kg2 a5 32. Kg3 b6 33. f3 h5 34.
f4 Rxa4 35. Rd6+ Kxf5 36. Rxb6 h4+ 37. Kxh4 Kxf4 38. Kh5 f5 39. h4 Ke5 40. Rb5+
Ke4 41. Kg5 f4 42. h5 Ra1 43. Kg6 f3 44. Rf5 a4 45. h6 Rg1+ 46. Kf6 Rh1 47. Ra5
Rxh6+ 48. Kg5 Rd6 49. Rxa4+ Ke3 50. Ra3+ Ke2 51. Ra2+ Rd2 52. Ra8 f2 0-1

[Event "2. Bundesliga West 2011/12"]
[Site "Salzburg"]
[Date "2012.03.09"]
[Round "9"]
[Board "5"]
[White "Kranewitter, Norbert"]
[Black "Medwed, Kai"]
[Result "1-0"]
[WhiteElo "2097"]
[BlackElo "1950"]
[PlyCount "71"]
[EventDate "2011.10.07"]
[EventType "team"]
[EventRounds "11"]
[EventCountry "AUT"]
[WhiteTeam "Kufstein / Woergl 2"]
[BlackTeam "Hohenems 2"]

1. Nf3 Nf6 2. d4 d5 3. c4 c6 4. e3 Bf5 5. Nc3 e6 6. Nh4 Be4 7. f3 Bg6 8. Qb3
Qb6 9. c5 Qc7 10. Bd2 Nbd7 11. Nxg6 hxg6 12. g3 b6 13. cxb6 axb6 14. Kf2 Bd6
15. Kg2 Ke7 16. Bd3 Nh5 17. f4 f5 18. g4 Nhf6 19. g5 Ne4 20. Nxe4 fxe4 21. Be2
c5 22. Bc3 Bxf4 23. exf4 Qxf4 24. dxc5 Raf8 25. Be1 Qxg5+ 26. Qg3 Qxg3+ 27.
Bxg3 bxc5 28. Rhf1 d4 29. Bb5 Nf6 30. a4 Nd5 31. Rxf8 Rxf8 32. a5 Ne3+ 33. Kg1
d3 34. Bf2 Rf3 35. a6 c4 36. a7 1-0

[Event "2. Bundesliga West 2011/12"]
[Site "Salzburg"]
[Date "2012.03.09"]
[Round "9"]
[Board "6"]
[White "Nussbaumer, Laslo"]
[Black "Steinbacher, Thomas"]
[Result "1-0"]
[WhiteElo "1816"]
[BlackElo "2053"]
[PlyCount "117"]
[EventDate "2011.10.07"]
[EventType "team"]
[EventRounds "11"]
[EventCountry "AUT"]
[WhiteTeam "Hohenems 2"]
[BlackTeam "Kufstein / Woergl 2"]

1. e4 e5 2. Nf3 Nc6 3. Bb5 a6 4. Ba4 f5 5. exf5 e4 6. Qe2 Qe7 7. Bxc6 dxc6 8.
Nd4 Nf6 9. Nc3 Qe5 10. Ne6 Bxe6 11. fxe6 Bd6 12. d3 exd3 13. Qxe5 Bxe5 14. cxd3
O-O-O 15. Ke2 Rhe8 16. Be3 Rxe6 17. Rad1 Nd5 18. Nxd5 cxd5 19. d4 Bd6 20. Kd3
Rde8 21. g3 Kd7 22. Rc1 h6 23. Rhe1 g5 24. f3 Ke7 25. Re2 Kf7 26. a3 c6 27.
Rce1 Rf6 28. Rf1 Kg6 29. Rff2 Ref8 30. f4 gxf4 31. Bxf4 Bxf4 32. gxf4 Rxf4 33.
Rxf4 Rxf4 34. Re7 Rf3+ 35. Kc2 Rf2+ 36. Kc3 Rxh2 37. Rxb7 Rf2 38. Rb6 Rf6 39.
Rxa6 h5 40. Ra8 Rf7 41. Re8 h4 42. a4 Rh7 43. a5 Kg5 44. Kb4 h3 45. Re1 Ra7 46.
Ra1 Ra6 47. Kc5 Kf4 48. b4 h2 49. Kd6 Ke4 50. Rd1 h1=Q 51. Rxh1 Kxd4 52. Kc7 c5
53. Kb7 Rg6 54. b5 c4 55. b6 Kc5 56. Ka7 Kb5 57. a6 c3 58. Ra1 c2 59. b7 1-0

[Event "2. Bundesliga West 2011/12"]
[Site "Salzburg"]
[Date "2012.03.09"]
[Round "9"]
[Board "1"]
[White "Westermeier, Arnulf"]
[Black "Deglmann, Ludwig"]
[Result "1/2-1/2"]
[WhiteElo "2260"]
[BlackElo "2324"]
[PlyCount "55"]
[EventDate "2011.10.07"]
[EventType "team"]
[EventRounds "11"]
[EventCountry "AUT"]
[WhiteTeam "ASK Salzburg"]
[BlackTeam "Sparkasse Jenbach 2"]

1. e4 e6 2. d4 d5 3. e5 c5 4. dxc5 Nc6 5. Nf3 Bxc5 6. Bd3 f6 7. Qe2 fxe5 8.
Nxe5 Nxe5 9. Qxe5 Nf6 10. O-O O-O 11. Nc3 a6 12. Bg5 Bd6 13. Qe2 Qc7 14. h3 Bd7
15. Rad1 Rae8 16. Qd2 Bc6 17. Ne2 e5 18. c4 d4 19. Bxf6 gxf6 20. Bf5 Qg7 21. f3
Kh8 22. g4 e4 23. fxe4 Bxe4 24. Nxd4 Bc5 25. b4 Qc7 26. Bxe4 Rxe4 27. bxc5 Rxd4
28. Qxd4 1/2-1/2

[Event "2. Bundesliga West 2011/12"]
[Site "Salzburg"]
[Date "2012.03.09"]
[Round "9"]
[Board "2"]
[White "Reich, Thomas"]
[Black "Roth, Peter"]
[Result "1/2-1/2"]
[WhiteElo "2388"]
[BlackElo "2262"]
[PlyCount "101"]
[EventDate "2011.10.07"]
[EventType "team"]
[EventRounds "11"]
[EventCountry "AUT"]
[WhiteTeam "Sparkasse Jenbach 2"]
[BlackTeam "ASK Salzburg"]

1. d4 Nf6 2. Bf4 e6 3. e3 d5 4. Nf3 Bd6 5. Bg3 Ne4 6. Nbd2 Nxg3 7. hxg3 c5 8.
c3 Nc6 9. Bb5 Bd7 10. Qc2 h6 11. g4 cxd4 12. exd4 Qb6 13. Bxc6 Bxc6 14. O-O Qc7
15. Rfe1 g5 16. Ne5 h5 17. gxh5 Rxh5 18. g4 Rh6 19. Ndf3 O-O-O 20. Kg2 Rdh8 21.
Rh1 Rxh1 22. Rxh1 Rxh1 23. Kxh1 Be8 24. Qe2 f6 25. Nd3 Qh7+ 26. Kg2 Qe4 27. Qe3
Bg6 28. Nc5 Qxg4+ 29. Kf1 Qh3+ 30. Ke1 Bxc5 31. dxc5 Bh5 32. Nd2 Qxe3+ 33. fxe3
Bg6 34. b4 e5 35. a4 Bc2 36. a5 Bd3 37. Nf3 g4 38. Nh4 Kc7 39. Kf2 Kc6 40. Kg3
f5 41. Ng2 a6 42. Kh4 Be4 43. Ne1 Kb5 44. Kg5 g3 45. Kf6 g2 46. Nxg2 Bxg2 47.
Kxe5 Be4 48. Kd4 Kc6 49. Ke5 Kb5 50. Kd4 Bg2 51. Ke5 1/2-1/2

[Event "2. Bundesliga West 2011/12"]
[Site "Salzburg"]
[Date "2012.03.09"]
[Round "9"]
[Board "3"]
[White "Juergens, Klaus"]
[Black "Micheli, Carlo"]
[Result "0-1"]
[WhiteElo "2165"]
[BlackElo "2268"]
[PlyCount "71"]
[EventDate "2011.10.07"]
[EventType "team"]
[EventRounds "11"]
[EventCountry "AUT"]
[WhiteTeam "ASK Salzburg"]
[BlackTeam "Sparkasse Jenbach 2"]

1. e4 c5 2. Nc3 g6 3. g3 Bg7 4. Bg2 Nc6 5. d3 Rb8 6. Be3 d6 7. Qd2 b5 8. Nge2
b4 9. Nd1 e5 10. O-O Nd4 11. Nc1 h5 12. c3 bxc3 13. bxc3 Ne6 14. Ne2 h4 15. Re1
Nf6 16. d4 exd4 17. cxd4 Ng4 18. Rc1 hxg3 19. hxg3 Nxe3 20. Nxe3 Nxd4 21. Nxd4
Bxd4 22. Nc2 Rb2 23. Qd3 Qf6 24. Re2 Qg5 25. Rce1 Rxc2 26. Rxc2 O-O 27. Rb1 Be6
28. Rb7 Qe5 29. Rd2 a5 30. Rb6 Rd8 31. Ra6 Rb8 32. Bf1 Kg7 33. Be2 d5 34. exd5
Bxd5 35. Bf1 Rh8 36. Bg2 0-1

[Event "2. Bundesliga West 2011/12"]
[Site "Salzburg"]
[Date "2012.03.09"]
[Round "9"]
[Board "5"]
[White "Loeffler, Christoph"]
[Black "Schnegg, Daniel"]
[Result "1/2-1/2"]
[WhiteElo "2161"]
[BlackElo "2134"]
[PlyCount "94"]
[EventDate "2011.10.07"]
[EventType "team"]
[EventRounds "11"]
[EventCountry "AUT"]
[WhiteTeam "ASK Salzburg"]
[BlackTeam "Sparkasse Jenbach 2"]

1. e4 c5 2. Nc3 Nc6 3. f4 g6 4. Nf3 Bg7 5. Bc4 e6 6. f5 Nge7 7. fxe6 fxe6 8.
O-O O-O 9. d3 d5 10. Bb3 h6 11. Qe1 Nd4 12. Nxd4 Rxf1+ 13. Qxf1 cxd4 14. Ne2
dxe4 15. dxe4 d3 16. cxd3 Qxd3 17. Qf3 Qxf3 18. gxf3 Nc6 19. Kg2 Na5 20. Ba4 b6
21. Rb1 Ba6 22. Nf4 b5 23. Bd1 Kf7 24. Be2 Rc8 25. Bd2 Nc4 26. Bc3 Bf8 27. Bxc4
Rxc4 28. Rd1 b4 29. Be5 Rc2+ 30. Kg3 g5 31. Nd3 Be7 32. Bd4 Bxd3 33. Rxd3 Bd6+
34. e5 Bb8 35. h4 Kg6 36. hxg5 hxg5 37. f4 Kf5 38. fxg5 Ke4 39. Rb3 a5 40. Bb6
Bxe5+ 41. Kh4 Rh2+ 42. Kg4 Rg2+ 43. Kh3 Rh2+ 44. Kg4 Rg2+ 45. Kh5 Kf5 46. Rf3+
Bf4 47. Bd8 Rh2+ 1/2-1/2

[Event "2. Bundesliga West 2011/12"]
[Site "Salzburg"]
[Date "2012.03.09"]
[Round "9"]
[Board "6"]
[White "Schnegg, Anna-Lena"]
[Black "Herrmann, Michael"]
[Result "1/2-1/2"]
[WhiteElo "2017"]
[BlackElo "2118"]
[PlyCount "98"]
[EventDate "2011.10.07"]
[EventType "team"]
[EventRounds "11"]
[EventCountry "AUT"]
[WhiteTeam "Sparkasse Jenbach 2"]
[BlackTeam "ASK Salzburg"]

1. e4 c6 2. d4 d5 3. Nc3 dxe4 4. Nxe4 Bf5 5. Nc5 b6 6. Nb3 e6 7. Nf3 Bd6 8. g3
Ne7 9. Bg2 h6 10. c4 Nd7 11. Qe2 O-O 12. Bd2 a5 13. Bc3 a4 14. Nbd2 Rc8 15. O-O
Re8 16. Ne4 Bb8 17. Rfd1 Qc7 18. Ne5 Nxe5 19. dxe5 Bxe4 20. Bxe4 Red8 21. f4
Ba7 22. Kh1 Qb8 23. Bb4 c5 24. Bc3 Rxd1+ 25. Rxd1 Rd8 26. Rd2 g6 27. g4 Kh7 28.
Qd1 Rxd2 29. Qxd2 Qc7 30. Qd6 Bb8 31. Qxc7 Bxc7 32. Bc2 a3 33. b4 Nc6 34. b5
Nd4 35. Bxd4 cxd4 36. h4 Kg7 37. g5 Bd8 38. Kg2 Be7 39. Kf3 h5 40. Ke4 Bc5 41.
Kd3 Kf8 42. Ke2 Ke7 43. Bd3 Bb4 44. Kd1 Bc3 45. Ke2 Kd7 46. Kd1 Bb2 47. Kd2
Bc3+ 48. Ke2 Kc7 49. Kd1 Kd7 1/2-1/2

[Event "2. Bundesliga West 2011/12"]
[Site "Salzburg"]
[Date "2012.03.10"]
[Round "10"]
[Board "1"]
[White "Platzgummer, Fabian"]
[Black "Juergens, Klaus"]
[Result "1/2-1/2"]
[WhiteElo "2304"]
[BlackElo "2165"]
[PlyCount "76"]
[EventDate "2011.10.07"]
[EventType "team"]
[EventRounds "11"]
[EventCountry "AUT"]
[WhiteTeam "Zillertal"]
[BlackTeam "ASK Salzburg"]

1. Nf3 g6 2. d4 Nf6 3. c4 Bg7 4. g3 O-O 5. Nc3 d6 6. Bg2 Nc6 7. O-O e5 8. d5
Ne7 9. e4 Kh8 10. Ne1 Nfg8 11. Nd3 f5 12. f4 exf4 13. Bxf4 fxe4 14. Nxe4 h6 15.
g4 g5 16. Bg3 Rxf1+ 17. Bxf1 Ng6 18. Qe2 Bd7 19. c5 Nf6 20. h3 Nxe4 21. Qxe4
Qf6 22. cxd6 cxd6 23. Qb4 Qf3 24. Kh2 Rc8 25. Qb3 Qf6 26. Bg2 Qd4 27. Rd1 Ba4
28. Qxb7 Rc2 29. b3 Rxg2+ 30. Kxg2 Qe4+ 31. Kh2 Nf4 32. Qc8+ Be8 33. Bxf4 Qe2+
34. Kg3 gxf4+ 35. Nxf4 Qe3+ 36. Kg2 Qe4+ 37. Kg3 Qe3+ 38. Kg2 Qe4+ 1/2-1/2

[Event "2. Bundesliga West 2011/12"]
[Site "Salzburg"]
[Date "2012.03.10"]
[Round "10"]
[Board "2"]
[White "Besner, Bernhard"]
[Black "Lanka, Zigurds"]
[Result "0-1"]
[WhiteElo "2175"]
[BlackElo "2442"]
[PlyCount "142"]
[EventDate "2011.10.07"]
[EventType "team"]
[EventRounds "11"]
[EventCountry "AUT"]
[WhiteTeam "ASK Salzburg"]
[BlackTeam "Zillertal"]

1. e4 c5 2. c3 Nf6 3. e5 Nd5 4. d4 cxd4 5. Nf3 Nc6 6. cxd4 d6 7. Bc4 Nb6 8. Bb5
dxe5 9. Nxe5 Bd7 10. Bxc6 Bxc6 11. Nxc6 bxc6 12. O-O e6 13. Nc3 Be7 14. Qg4 g6
15. Bh6 Qd7 16. Rfd1 O-O-O 17. Rac1 Kb7 18. Qf3 f5 19. Bg7 Rhg8 20. Be5 g5 21.
b3 g4 22. Qe2 h5 23. Rc2 h4 24. Na4 h3 25. Nc5+ Bxc5 26. Rxc5 Rc8 27. Ra5 Ka8
28. Qa6 Qb7 29. Qxb7+ Kxb7 30. gxh3 gxh3+ 31. Kf1 Rg6 32. Rd3 Rh6 33. Rg3 Rh7
34. b4 Nc4 35. Ra4 Kb6 36. Raa3 Nxa3 37. Rxa3 Kb5 38. Rb3 Kc4 39. Ke2 Rb7 40.
Bd6 Rh8 41. Kd2 Kd5 42. Be5 Rh4 43. Kd3 c5 44. Rc3 Rxd4+ 45. Bxd4 cxd4 46. Rc5+
Kd6 47. a3 Rg7 48. Kxd4 Rg2 49. Ra5 Rxf2 50. Ra6+ Ke7 51. Rxa7+ Kf6 52. Rh7
Rxh2 53. b5 Rh1 54. b6 h2 55. a4 Rd1+ 56. Kc5 h1=Q 57. Rxh1 Rxh1 58. a5 Rc1+
59. Kd6 Rb1 60. Kc7 Rc1+ 61. Kd6 Rb1 62. Kc7 f4 63. a6 f3 64. a7 f2 65. a8=Q
f1=Q 66. Qf8+ Ke5 67. Qh8+ Qf6 68. Qh5+ Qf5 69. Qe2+ Kf6 70. Qg2 Qc5+ 71. Kd8
Rd1+ 0-1

[Event "2. Bundesliga West 2011/12"]
[Site "Salzburg"]
[Date "2012.03.10"]
[Round "10"]
[Board "3"]
[White "Kleissl, Helmut"]
[Black "Loeffler, Christoph"]
[Result "1-0"]
[WhiteElo "2306"]
[BlackElo "2161"]
[PlyCount "73"]
[EventDate "2011.10.07"]
[EventType "team"]
[EventRounds "11"]
[EventCountry "AUT"]
[WhiteTeam "Zillertal"]
[BlackTeam "ASK Salzburg"]

1. c4 e6 2. g3 d5 3. Bg2 Nf6 4. Nf3 Be7 5. O-O O-O 6. b3 c5 7. Bb2 Nc6 8. d3 b6
9. Nc3 Bb7 10. e3 a6 11. Qe2 Qc7 12. Rad1 Rfd8 13. cxd5 exd5 14. d4 cxd4 15.
Nxd4 Nxd4 16. Rxd4 Bc5 17. Rd3 Rd7 18. Na4 Be7 19. Bd4 Re8 20. Bxb6 Qb8 21. Rc1
Ba3 22. Rc2 Ne4 23. Bd4 Rc7 24. Bxe4 dxe4 25. Rdc3 Rxc3 26. Rxc3 Bc8 27. Nb6
Be6 28. Qxa6 Bb4 29. Rc1 Qd6 30. Qb5 Rb8 31. a4 Ba3 32. Ra1 Bb2 33. Bxb2 Rxb6
34. Qg5 Qf8 35. Bxg7 Qxg7 36. Qd8+ Qf8 37. Qxb6 1-0

[Event "2. Bundesliga West 2011/12"]
[Site "Salzburg"]
[Date "2012.03.10"]
[Round "10"]
[Board "4"]
[White "Scheiblmaier, Robert"]
[Black "Tabernig, Bernhard"]
[Result "1/2-1/2"]
[WhiteElo "2113"]
[BlackElo "2317"]
[PlyCount "129"]
[EventDate "2011.10.07"]
[EventType "team"]
[EventRounds "11"]
[EventCountry "AUT"]
[WhiteTeam "ASK Salzburg"]
[BlackTeam "Zillertal"]

1. d4 d5 2. c4 e6 3. Nf3 Nf6 4. g3 dxc4 5. Bg2 a6 6. O-O Nc6 7. Nc3 Rb8 8. Ne5
Nxe5 9. dxe5 Qxd1 10. Rxd1 Nd7 11. f4 Bc5+ 12. Kh1 O-O 13. a4 f6 14. Ne4 Be7
15. exf6 Nxf6 16. Be3 Nxe4 17. Bxe4 b5 18. axb5 axb5 19. Ra7 Bd6 20. Bd4 Rd8
21. Be5 h6 22. Rxc7 Bxc7 23. Rxd8+ Bxd8 24. Bxb8 Bf6 25. Be5 Bxe5 26. fxe5 b4
27. Kg2 Bd7 28. Kf2 Ba4 29. Ke3 Bb3 30. Kd4 Kf7 31. Bc6 Ba2 32. Bb5 c3 33. bxc3
bxc3 34. Kxc3 Kg6 35. Kd4 Kg5 36. h3 h5 37. e3 h4 38. g4 Bd5 39. Bf1 Bf3 40.
Kc5 Bd5 41. Kd6 Kh6 42. Ke7 Kg6 43. Kd6 Kf7 44. Kc5 Ke7 45. Kd4 g5 46. Kc5 Bf3
47. Kb6 Kd8 48. Kc5 Kc7 49. Kb5 Be4 50. Kc5 Bc6 51. Kd4 Kb6 52. e4 Kc7 53. Bc4
Kd7 54. Bd3 Ba4 55. Be2 Bc2 56. Bb5+ Kc7 57. Bc4 Kd7 58. Bb5+ Ke7 59. Bc4 Bd1
60. Ke3 Kd7 61. Bb5+ Ke7 62. Bc4 Ba4 63. Kd4 Kd7 64. Ke3 Bd1 65. Kd4 1/2-1/2